| 000 | 00000nam 2200000zi 4500 |
| 001 | 9.921900 |
| 003 | CaOODSP |
| 005 | 20230424135816 |
| 006 | m o d f |
| 007 | cr bn||||||||| |
| 008 | 230424s1977 oncab ob f000 0 eng d |
| 040 | |aCaOODSP|beng|erda|cCaOODSP |
| 041 | 0 |aeng|beng|bfre |
| 043 | |an-cn--- |
| 086 | 1 |aEn42-1/3-76-6E-PDF |
| 100 | 1 |aGagan, Earl W., |eauthor. |
| 245 | 10|aAir pollution emissions and control technology : |basbestos mining and milling industry / |cby E.W. Gagan. |
| 264 | 1|a[Ottawa] : |bMining, Minerals, and Metallurgical Division, Abatement and Compliance Branch, Air Pollution Control Directorate, |c1977. |
| 300 | |a1 online resource (v, 54 pages) : |billustration, map. |
| 336 | |atext|btxt|2rdacontent |
| 337 | |acomputer|bc|2rdamedia |
| 338 | |aonline resource|bcr|2rdacarrier |
| 490 | 1 |aEnvironmental Protection Service report series |
| 500 | |aIssued also in French under title: Assainissement de l'air dans les mines et les usines de broyage d'amiante. |
| 500 | |aErrata slip inserted between pages 33 and 34. |
| 500 | |a"Report EPS 3-AP-76-6." |
| 500 | |a"February 1977." |
| 500 | |aOn cover: Economic and technical review, report EPS 3-AP-76-6. |
| 500 | |aDigitized edition from print [produced by Environment and Climate Change Canada]. |
| 504 | |aIncludes bibliographical references (pages 23-27). |
| 546 | |aIncludes abstracts in English and French. |
| 650 | 0|aAsbestos industry|xWaste disposal|xEnvironmental aspects|zCanada. |
| 650 | 0|aAir|xPollution|zCanada. |
| 650 | 0|aPollution control equipment|zCanada. |
| 710 | 1 |aCanada. |bEnvironmental Protection Service, |eissuing body. |
| 710 | 1 |aCanada. |bAir Pollution Control Directorate, |eissuing body. |
| 830 | #0|aEnvironmental Protection Service report series.|w(CaOODSP)9.866031 |
| 856 | 40|qPDF|s1.23 MB|uhttps://publications.gc.ca/collections/collection_2023/eccc/en42/En42-1-3-76-6-eng.pdf |